| Tag |
First Indicator |
Second Indicator |
Subfields |
| LEADER |
00000cam a2200000 i 4500 |
| 001 |
in00000033040 |
| 005 |
20151007055110.0 |
| 008 |
751015s1962 njua b 00010 eng d |
| 035 |
|
|
|a (OCoLC)01705691
|
| 035 |
|
|
|9 AAB7251AM
|
| 040 |
|
|
|a SMI
|c SMI
|d TXA
|d UtOrBLW
|
| 049 |
|
|
|a TXAM
|c 1 [A10008976]
|c 2 [A12996874]
|
| 050 |
|
4 |
|a SB355
|b .P713 1962
|
| 111 |
2 |
|
|a Plant Science Symposium
|n (1962 :
|c Camden, N. J.)
|
| 245 |
1 |
0 |
|a Proceedings.
|
| 264 |
|
1 |
|a [Camden, N. J.] :
|b Campbell Soup Co.,
|c 1962.
|
| 300 |
|
|
|a 229 pages :
|b illustrations ; 25 cm.
|
| 336 |
|
|
|a text
|b txt
|2 rdacontent
|
| 337 |
|
|
|a unmediated
|b n
|2 rdamedia
|
| 338 |
|
|
|a volume
|b nc
|2 rdacarrier
|
| 504 |
|
|
|a Incudes bibliographies.
|
| 500 |
|
|
|a Spine title: Campbell Plant Science Symposium -1962- Proceedings.
|
| 650 |
|
0 |
|a Fruit-culture
|v Congresses.
|
| 650 |
|
0 |
|a Tomatoes.
|
| 740 |
0 |
|
|a Campbell Plant Science Symposium, 1962, Proceedings.
|
| 999 |
|
|
|a MARS
|
| 999 |
f |
f |
|s 6891793c-2090-3bbb-a7a2-7df15b819896
|i 1286a6ed-75b1-398b-92a0-bfaa42a71383
|t 0
|
| 952 |
f |
f |
|p ric
|a Texas A&M University
|b Rellis Campus
|c Joint Library Facility
|d Remote Storage
|t 0
|e SB355 .P713 1962
|h Library of Congress classification
|i unmediated -- volume
|m A14810008976
|
| 998 |
f |
f |
|a SB355 .P713 1962
|t 0
|l Remote Storage
|